000 00948cab a2200253 4500
001 ABS56092
008 090401t1996 xxu||||| |||| 00| 0 eng d
035 _a(Sirsi) u21115
041 _aeng
100 _aShea, C.
245 _aComplete surprise on Standard Conditions
260 _c1996
350 _a0
490 _aProperty Week
_v56(13) 27 September 1996, 21(1)
520 _aLooks at the decision in "Country and Metropolitan Homes Surrey Ltd v Topclaim Ltd" where the vendor lost the balance of the deposit when the buyer failed to complete in time and that Standard Conditions of Sale override common law with regard to completion obligations.
650 _aCOUNTRY AND METROPOLITAN HOMES SURREY LTD V TOPCLAIM LTD
650 _aDEPOSITS
650 _aPROPERTY ACT 1925 S49(2)
650 _aSTANDARD CONDITIONS OF SALE
690 _aPROPERTY LAW AND PRACTICE
700 _aTanney, A.
942 _n0
948 _c04/03/1997
999 _c14168
_d14168